000 00533nam a22001817a 4500
003 CEME
005 20210628203210.0
008 210122b xxu||||| |||| 00| 0 eng d
020 _a1-932709-19-3
040 _c.
082 _a620.0042 TIC
100 _aTickoo, Sham
_963924
245 _aPro engineer wildfire 3.0, for designers
260 _aNEW YORK
_bCADCIM TECHNOLOGIES
_c2006
300 _aXVII,440 P
650 _aPRO ENGINEER.COMPUTER AIDED DESIGN. MECHANICAL DRAWING.PRO ENGINEER WILDFIRE 3.0
_963925
942 _cBK
_2ddc
999 _c572608
_d572608